A difícil tranquilidade do euro (Registo nº 11902)

Detalhes MARC
000 -Etiqueta do registo
Valores 00546nam a22001571i 4500
090 ## -
-- 11902
010 ## - Número ISBN
ISBN 9789727880539
100 ## - Dados gerais de processamento
Dados gerais 20170304u u u0frey50 ba
101 0# - Língua de publicação
-- por
200 1# - Titulo e menção de responsabilidade
Primeira menção de responsabilidade Eduardo Raúl Lopes Rodrigues
Título próprio A difícil tranquilidade do euro
Informação de outro título a porta estreita da relevância
215 ## - Descrição física 
Paginação / Volumes 506, [6] p.
Outras indicações físicas il.
Dimensões 23 cm
210 ## - Publicação
Nome do editor Vida económica
Local de publicação Porto
Data de publicação imp. 2002
700 #1 - Autor principal (pessoa individual)
Apelido Rodrigues
Nome Eduardo Raúl Lopes
-- 070
996 ## - ISO2709
-- 0013270
-- ROD
-- 00000000
-- 00000000
-- BMVAAL
-- 3
-- Alcáçovas
-- Economia
-- 8
-- Livro
-- 0
-- 1
990 ## - Elementos KOHA
Tipo de documento Livro
Exemplares
Situação do levantamento Estado Biblioteca de origem Biblioteca de empréstimo Localização na Estante Código de barras Cota Permissão de empréstimo Tipo de documento Nota relativa ao exemplar
  Completo Biblioteca Municipal de Viana Do Alentejo Pólo Alcáçovas Biblioteca Municipal de Viana Do Alentejo Depósito 0017069 ROD Disponível Livro cx. 191 vnt




Powered by Koha